El Ingenioso Hidalgo Don Quixote de la Mancha (Record no. 2174)

MARC details
000 -CABECERA
campo de control de longitud fija 01979nam a2200325 a 4500
001 - NÚMERO DE CONTROL
campo de control BRCA_2433
005 - FECHA Y HORA DE LA ÚLTIMA TRANSACCIÓN
campo de control 20190320203815.0
008 - DATOS DE LONGITUD FIJA--INFORMACIÓN GENERAL
campo de control de longitud fija 141108s1782----sp-a---###---#000-0#spa-u
041 ## - CÓDIGO DE LENGUA
Código de lengua del texto/banda sonora o título independiente spa
044 ## - CÓDIGO DEL PAÍS DE LA ENTIDAD EDITORA/PRODUCTORA
Código MARC del país sp
084 ## - OTRO NÚMERO DE CLASIFICACIÓN
Número de clasificación 071
Número de documento/Ítem .I23
-- 1782
100 1# - ENTRADA PRINCIPAL--NOMBRE DE PERSONA
Nombre de persona Cervantes Saavedra, Miguel de
Fechas asociadas al nombre 1547-1616
9 (RLIN) 213
245 10 - MENCIÓN DE TÍTULO
Título El Ingenioso Hidalgo Don Quixote de la Mancha
Mención de responsabilidad, etc. compuesto por Miguel de Cervantes Saavedra.
260 ## - PUBLICACIÓN, DISTRIBUCIÓN, ETC.
Lugar de publicación, distribución, etc. Madrid
Nombre del editor, distribuidor, etc. Joachin Ibarra
Fecha de publicación, distribución, etc. 1782
300 ## - DESCRIPCIÓN FÍSICA
Extensión 4 v.
Otras características físicas il.
Dimensiones 1782
Material acompañante/anejo 1 mapa
500 ## - NOTA GENERAL
Nota general Contenido : Primera parte. Licencia de S.M. Prólogo de la Academia. Retrato de Cervantes. Vida de Cervantes. Plan cronológico y pruebas de la vida por V. de los Ríos. Dedicatoria del autor. Prólogo del autor. Versos preliminares. Mapa de una parte de España. Texto. -- v 2. Variantes. Texto. -- v 3. Segunda parte. Los principios de la edición príncipe. Dedicatoria de autor. Prólogo del autor. Texto. -- Segunda parte. Texto
500 ## - NOTA GENERAL
Nota general Edición : Nueva edición corregida por la Real Academia Española
500 ## - NOTA GENERAL
Nota general Segunda edición de la Real Academia Española. Reproducción en tamaño pequeño de la primera, excepto en lo que atañe a los asuntos de las láminas, que se variaron casí todas. El retrato de Cervantes está dibujado por Antonio Carnicero y grabado en cobre por F. Selma. Ejemplar muy maltratado. Encuadernado en piel; lomeras y tapas adornadas con filetes dorados Lúdovik Osterc
500 ## - NOTA GENERAL
Nota general Estado físico : Recuperación física en 2008
500 ## - NOTA GENERAL
Nota general QM56
650 14 - PUNTO DE ACCESO ADICIONAL DE MATERIA--TÉRMINO DE MATERIA
Término de materia o nombre geográfico como elemento de entrada Novela española
Subdivisión cronológica Época clásica, 1500-1700
9 (RLIN) 215
650 14 - PUNTO DE ACCESO ADICIONAL DE MATERIA--TÉRMINO DE MATERIA
Término de materia o nombre geográfico como elemento de entrada Literatura española
Subdivisión cronológica Época clásica, 1500-1700
9 (RLIN) 216
650 14 - PUNTO DE ACCESO ADICIONAL DE MATERIA--TÉRMINO DE MATERIA
Término de materia o nombre geográfico como elemento de entrada Novela española
Subdivisión cronológica Siglo XVII
9 (RLIN) 217
650 14 - PUNTO DE ACCESO ADICIONAL DE MATERIA--TÉRMINO DE MATERIA
Término de materia o nombre geográfico como elemento de entrada Don Quijote (Personaje ficticio)
Término indicativo de función/relación Novela
9 (RLIN) 218
700 1# - PUNTO DE ACCESO ADICIONAL--NOMBRE DE PERSONA
Nombre de persona López, Tomás
Fechas asociadas al nombre 1730-1802
Término indicativo de función/relación Ilustrador
9 (RLIN) 7116
700 1# - PUNTO DE ACCESO ADICIONAL--NOMBRE DE PERSONA
Nombre de persona Ríos, Vicente de los
Fechas asociadas al nombre 1732-1779
Término indicativo de función/relación Biógrafo
9 (RLIN) 7117
740 0# - PUNTO DE ACCESO ADICIONAL--TÍTULO RELACIONADO O ANALÍTICO NO CONTROLADO
Título relacionado o analítico no controlado El Ingenioso Hidalgo Don Quixote de la Mancha
902 ## - CATALOGADOR
Iniciales QFM
942 ## - ELEMENTOS DE PUNTO DE ACCESO ADICIONAL (KOHA)
Fuente del sistema de clasificación o colocación Library of Congress Classification
Tipo de ítem Koha Libros
Holdings
Estado de retiro Estado de pérdida Estado dañado No para préstamo Localización permanente Ubicación/localización actual Fecha de adquisición Número de inventario Total de préstamos Signatura topográfica completa Código de barras Fecha visto por última vez Precio válido a partir de Tipo de ítem Koha
El ejemplar forma parte de la colección y puede ser consultado según las políticas vigentes.       Biblioteca del Museo Franz Mayer (Rogerio Casas-Alatriste) Biblioteca del Museo Franz Mayer (Rogerio Casas-Alatriste) 14/11/2008 QM56   071 .I23 1782 (QM56) 2430 22/03/2019 22/03/2019 Libros